Egy olasz nyelvészeti antológiáról
Elmentve itt :
| Szerző: | |
|---|---|
| Dokumentumtípus: | Cikk |
| Megjelent: |
1999
|
| Sorozat: | Iskolakultúra
9 No. 3 |
| Online Access: | http://misc.bibl.u-szeged.hu/40650 |
| LEADER | 00561nab a2200169 i 4500 | ||
|---|---|---|---|
| 001 | misc40650 | ||
| 005 | 20191106140931.0 | ||
| 008 | 180709s1999 hu o 0|| zxx d | ||
| 022 | |a 1215-5233 | ||
| 040 | |a SZTE Miscellanea Repozitórium |b hun | ||
| 041 | |a zxx | ||
| 100 | 1 | |a Fóris Ágota | |
| 245 | 1 | 0 | |a Egy olasz nyelvészeti antológiáról |h [elektronikus dokumentum] / |c Fóris Ágota |
| 260 | |c 1999 | ||
| 300 | |a 106-108 | ||
| 490 | 0 | |a Iskolakultúra |v 9 No. 3 | |
| 856 | 4 | 0 | |u http://misc.bibl.u-szeged.hu/40650/1/EPA00011_iskolakultura_1999_03_106-108.pdf |z Dokumentum-elérés |